Statistiques concernant Géographie par lettre - P

Cliquez ici pour prendre le quiz!

Statistiques générales

  • Ce quiz a été pris 10 317 fois
  • Le résultat moyen est 14 sur 24

Statistiques - réponses

allusionréponse% Correct
Bordée par la Russie et l'AllemagnePologne
88%
Chaîne de montagnes française et espagnolePyrénées
87%
Hôte des Jeux olympiques d'été de 2024Paris
86%
Monnaie du Mexiquepeso
86%
Le seul état commençant par "P" aux Etats-UnisPennsylvanie
81%
Ville romaine détruite par le mont VésuvePompéi
81%
Sa capitale est Ramallah - ou Jérusalem-EstPalestine
79%
Chapeau, ville, pays, canalPanama
75%
Temple célèbre sur l'Acropole d'AthènesParthénon
72%
Tian'anmen est dans le centre de cette villePékin
69%
Frites canadiennes avec sauce et fromage en grainspoutine
68%
Langue officielle de l'Angolaportugais
63%
IranPerse
60%
Capitale de l'Australie occidentalePerth
56%
Région du sud de l'Argentine et du ChiliPatagonie
52%
51e état américain?Porto Rico
49%
La plus grande ville de cet étatPhiladelphie
45%
Pays insulaire du Pacifique Pays dirigé par le président WhippsPalaos
45%
Célèbre « cirque » de LondresPiccadilly
39%
Ville accueillant les fêtes de San Fermin, avec l’encierroPampelune
31%
Un morceau de terre faisant saillie dans un plan d'eaupéninsule
30%
Rivière qui coule par Washington DCPotomac
21%
Volcan philippin qui a éclaté en 1991Pinatubo
13%
Région de l'est du Pakistan et du nord de l'IndePendjab
13%

Distribution des résultats

Percentile par nombre de réponses

% des personnes avec chaque résultat

Votre développement - résultats

Vous n’avez pas pris ce quiz